000
00340cam a2200169ua 4500
001
9131
008
150221n ii |||gr||||Z||||||eng
040
_c
MAIN
041
_a
eng
082
_a
823
245
1
_a
Vistas
250
_a
1st.
260
_a
Guwahati:
_b
Assam,
_c
2011.
300
_a
100p.
653
_a
English fiction
942
_c
BK
999
_c
8203
_d
8203